新快速の停車駅 - Statistics

General Stats
  • This quiz has been taken 435 times
  • The average score is 60 of 91
Answer Stats
Hint Answer % Correct
B31 京都
97%
A31 京都
97%
A47 大阪
96%
A12 米原
95%
A46 新大阪
95%
CA83 米原
95%
A29 大津
93%
A38 高槻
93%
A85 姫路
93%
B30 山科
92%
A24 草津
92%
A30 山科
92%
A61 三ノ宮
92%
A63 神戸
92%
B08 敦賀
91%
A01 敦賀
91%
A49 尼崎
91%
A73 明石
91%
A74 西明石
89%
A13 彦根
86%
A25 南草津
86%
A54 芦屋
86%
B10 近江塩津
85%
A03 近江塩津
85%
A79 加古川
85%
A19 近江八幡
84%
A21 野洲
82%
A09 長浜
81%
CA68 名古屋
80%
CA77 大垣
76%
CA42 豊橋
76%
A27 石山
75%
播州赤穂
75%
CA74 岐阜
73%
CA34 浜松
72%
B14 近江今津
71%
A22 守山
71%
CA79 関ケ原
69%
CA72 尾張一宮
69%
CA66 金山
69%
CA52 岡崎
69%
B12 マキノ
68%
B29 大津京
68%
相生
68%
B09 新疋田
66%
B25 堅田
66%
A02 新疋田
66%
A17 能登川
66%
CA54 安城
65%
網干
63%
CA47 蒲郡
63%
B19 近江舞子
60%
CA75 西岐阜
60%
CA60 大府
60%
CA58 刈谷
60%
上郡
59%
CA78 垂井
56%
CA76 穂積
56%
B27 比叡山坂本
55%
CA82 醒ケ井
54%
A05 木ノ本
50%
A08 虎姫
50%
CA81 近江長岡
50%
A04 余呉
49%
A10 田村
49%
CA40 新所原
49%
CA37 弁天島
49%
B11 永原
48%
B17 近江高島
48%
A11 坂田
48%
英賀保
48%
はりま勝原
47%
CA41 二川
47%
CA46(特別停車) 三河三谷
46%
A06 高月
45%
竜野
45%
CA50(特別停車) 幸田
45%
CA80 柏原
44%
B16 安曇川
40%
西相生
40%
CA36 舞阪
39%
有年
38%
CA35 高塚
38%
CA45(特別停車) 三河大塚
35%
B13 近江中庄
34%
B15 新旭
34%
CA39 鷲津
34%
CA38 新居町
34%
B18 北小松
31%
坂越
31%
A07 河毛
29%
No matching quizzes found
Score Distribution
Percent of People with Each Score
Percentile by Number Answered
Your Score History
You have not taken this quiz